Statystyki dla najpopularniejsze piosenki Sanah

Kliknij tutaj aby rozwiązać quiz!

Ogólne statystyki

  • Ten quiz został rozwiązany 149 razy
  • Średni wynik to 8 z 15

Statystyki odpowiedzi

HintOdpowiedź% Poprawnych
83mlszampan
90%
88mlale jazz
76%
68mlmelodia
73%
36ml2:00
57%
39mlkolońska i szlugi
56%
25mlkrólowa dram
56%
32mlostatnia nadzieja
56%
35mlszary świat
56%
47mlten stan
54%
32mlcząstka
48%
45mlno sorry
43%
21mlsiebie zapytasz
39%
23mlto koniec
36%
20mltęsknie sobie
27%
48mletc [na disco]
22%

Rozkład punktacji

Percentyl według liczby udzielonych odpowiedzi

Procent ludzi z każdym wynikiem

Twoja historia wyników

Nie rozwiązałeś tego quizu